Pre-action protocol for the construction and engineering disputes (Record no. 119718)

MARC details
000 -LEADER
fixed length control field 01209cam a2200253 4500
001 - CONTROL NUMBER
control field J109141
008 - FIXED-LENGTH DATA ELEMENTS--GENERAL INFORMATION
fixed length control field 000000n2001 000 0 eng u
035 ## - SYSTEM CONTROL NUMBER
System control number (Sirsi) u109141
041 ## - LANGUAGE CODE
Language code of text/sound track or separate title eng
050 ## - LIBRARY OF CONGRESS CALL NUMBER
Classification number 692.8
-- 18
110 ## - MAIN ENTRY--CORPORATE NAME
Corporate name or jurisdiction name as entry element United Kingdom
Subordinate unit Lord Chancellor's Department
9 (RLIN) 1274
245 ## - TITLE STATEMENT
Title Pre-action protocol for the construction and engineering disputes
260 ## - PUBLICATION, DISTRIBUTION, ETC.
Place of publication, distribution, etc. London
Name of publisher, distributor, etc. Lord Chancellor's Department
Date of publication, distribution, etc. 2001
520 ## - SUMMARY, ETC.
Summary, etc. Sets out the procedure to be followed in the construction and engineering industries to encourage the exchange of early and full information about prospective legal claims and to enable parties to avoid litigation by agreeing a settlement of a claim before commencing proceedings. View at www.dca.gov.uk.
650 ## - SUBJECT ADDED ENTRY--TOPICAL TERM
Topical term or geographic name entry element CONSTRUCTION INDUSTRY
650 ## - SUBJECT ADDED ENTRY--TOPICAL TERM
Topical term or geographic name entry element PRE-ACTION PROTOCOL FOR THE CONSTRUCTION AND ENGINEERING DISPUTES
650 ## - SUBJECT ADDED ENTRY--TOPICAL TERM
Topical term or geographic name entry element ENGINEERING
650 ## - SUBJECT ADDED ENTRY--TOPICAL TERM
Topical term or geographic name entry element MANAGEMENT-PROJECT MANAGEMENT
650 ## - SUBJECT ADDED ENTRY--TOPICAL TERM
Topical term or geographic name entry element DISPUTE RESOLUTION
9 (RLIN) 6236
650 ## - SUBJECT ADDED ENTRY--TOPICAL TERM
Topical term or geographic name entry element LIMITATIONS
690 ## - LOCAL SUBJECT ADDED ENTRY--TOPICAL TERM (OCLC, RLIN)
Topical term or geographic name as entry element BUILDING AND CONSTRUCTION-LAW
856 40 - ELECTRONIC LOCATION AND ACCESS
Uniform Resource Identifier <a href="https://www.dca.gov.uk/civil/procrules_fin/contents/protocols/prot_ced.htm">https://www.dca.gov.uk/civil/procrules_fin/contents/protocols/prot_ced.htm</a>
Public note View the website free of charge at www.dca.gov.uk...
942 ## - ADDED ENTRY ELEMENTS (KOHA)
Suppress in OPAC 0
Holdings
Withdrawn status Lost status Source of classification or shelving scheme Damaged status Not for loan Home library Current library Shelving location Date acquired Total Checkouts Full call number Barcode Date last seen Copy number Price effective from Koha item type
    Dewey Decimal Classification     Virtual Virtual Online 03/11/2000   ONLINE PUBLICATION 109141-2001 06/08/2019 1 06/08/2019 Book